| 000 | 00459nam a2200133Ia 4500 | ||
|---|---|---|---|
| 008 | 181023s9999 xx 000 0 und d | ||
| 020 | _a9781138292192 | ||
| 100 | _aBillinge, Sam. | ||
| 245 |
_cSam Billinge.-- _aThe Practical guide to documentary editing : _btechniques for tv & film / |
||
| 260 |
_aNew York : _bRoutledge _c2017 |
||
| 300 | _aix, 232 pages. | ||
| 650 | _aDocumentary films -- production and direction. | ||
| 650 | _aMotion pictures -- editing. | ||
| 999 |
_c359353 _d359353 |
||